MARC

LEADER 00000nam0a2200000 4500
001 311523
005 20231102002408.0
035 |a (RuTPU)RU\TPU\book\336880 
090 |a 311523 
100 |a 20151209d1981 km y0rusy50 ca 
101 0 |a rus 
102 |a UA 
105 |a a z 001zy 
200 1 |a Теория и техника связи  |e сборник научных трудов  |f Одесский электротехнический институт связи 
210 |a Одесса  |c Изд-во ОЭИС  |d 1981 
215 |a 133 с.  |c ил. 
225 1 |a Сборник научных трудов Одесского электротехнического института связи  |v Вып. 20 
320 |a Библиогр. в конце ст. 
606 1 |a Техника связи  |2 stltpush  |3 (RuTPU)RU\TPU\subj\60036  |9 77526 
610 1 |a сигналы 
610 1 |a системы передачи 
610 1 |a информация 
610 1 |a каналы связи 
610 1 |a пьезоэлектрические фильтры 
610 1 |a многоканальные системы 
610 1 |a надежность 
610 1 |a кабели связи 
610 1 |a повреждения 
610 1 |a помехоустойчивость 
675 |a 621.39  |v 4 
712 0 2 |a Одесский электротехнический институт связи  |2 stltpush  |3 (RuTPU)RU\TPU\col\9950  |9 24768 
801 1 |a RU  |b 63413507  |c 20151209 
801 2 |a RU  |b 63413507  |c 20191106  |g RCR 
942 |c BK